000 02172cam a22004934i 4500
003 PE-LiUPU
005 20250731173504.0
008 150616s r 000 0 d
020 _a0800627075
035 _a(Sirsi) i9780800627072
040 _aPE-LiUPU
_bspa
_cPE-LiUPU
_erda
049 _aPRUA
082 0 4 _a232.09015
_bJ84
_221
100 1 _aJuel, Donald,
_eautor.
245 1 0 _aMessianic exegesis :
_bchristological interpretation of the Old Testament in early Christianity /
_cDonald Juel.
264 1 _aPhiladelphia :
_bFortress Press,
_c1992.
300 _a193 páginas ;
_c21 centímetros
336 _atext
_2rdacontent
337 _aunmediated
_2rdamedia
338 _avolume
_2rdacarrier
505 0 _aMesianic exegesis: Developing an approach -- Rules of the game: Biblical interpretation inthe first century -- Christ the King: Christian interpretation of 2 Samuel 7 -- Christ the Crucified: Christian interpretation of the Psalms -- The Servan-Christ: Cchristian interpretation of Second Isaiah -- Christ at the right hand: the use of Psalm 110 in the New Testament -- The risen christ and the Son of Man: Christian use of Daniel 7. Jesus.
526 _aSEG42
526 _aSEG41
526 _aSEG40
526 _aSEG39
526 _aP94
526 _aP87
526 _aP86
526 _aP85
526 _aP77
526 _aP76
526 _aP35
600 1 _aJesucristo
_xHistoria de las doctrinas
_yIglesia primitiva, ca. 30-600
630 _aBiblia.
_pA.T.
_xCrítica, interpretación, etc.
_vHistoria
_yIglesia primitiva, ca. 30-600.
630 _aBiblia.
_pN.T.
_xRelación con el Antiguo Testamento.
650 0 4 _aMesías
_xProfecías.
910 _ajck
_bjvq
_cjck
942 _2ddc
_cBOOK
949 _a232.09015 J84
_wDEWEY
_c1
_i40377
_lCCODEBUL1
_mBUL
_r0
_sY
_tBOOK
_u2015-6-16
_xTEOLOGIA
_zUNKNOWN
_0COMPRA
_o.STAFF. Colección General
994 _aC0
_bPEPRU
596 _a1
999 _a232.09015 J84
_wDEWEY
_c58184
_i40377
_f2021-11-11
_g5
_lCCODEBUL1
_mBUL
_r0
_sY
_tBOOK
_u2015-6-16
_xTEOLOGIA
_zUNKNOWN
_0COMPRA
_o.STAFF. Colección General
_d58184
980 _81
_gALBERTO SANCHEZ Responsable de Automatización